Islam Test 1 - Statistics

General Stats
  • This quiz has been taken 29 times
  • The average score is 3 of 30
Answer Stats
Hint Answer % Correct
uncle of Muhammad, the first imam Ali
41%
__ Say that muhammad did not pick a successor Sunni
37%
Who was Abu Talib Uncle of Muhammad
37%
The exact, unaltered word of God Qur'an
33%
__ Say that Ali Talib was muhammad's successor Shi'a
33%
Year 1 in Islam. Flight of the Muslims Hijra
19%
founded in 762 by al-Mansur, capital of the abbasids Baghdad
15%
Not prophets, but their judgment is infallible Imam
11%
Other religion in Persia that is not very popular today Zoroastrian
11%
All living Shi'a must follow these top scholars Ayatollah
7%
Time before Islam Jahiliyya
7%
enemy of Ali, had a war between clans, began the Umayyad Caliph Mu'awiyya
7%
632 Muhammads death
7%
Persecuted Muhammad, hailed from Banu Umayya Abu Sufyan
4%
3 early battles between medina and mecca Badr, Uhud, Trench
4%
3 caliphate houses Rashidun, Umayyad, Abbasid
4%
The return of the 12th Imam, bringing a golden age just before the end of time The Mahdi
4%
When was Muhammad Born 570. Banu Hashim
0%
Creator of Dome of the Rock, and centralized the Islamic government Abd al-Malik
0%
Caliph that translated the Greek/Roman works to gain knowledge and create theology al-Ma'mum
0%
The main language families of the middle east arabic, arameic,
0%
The religious beliefs in the middle east prior to islam Chalcedonian Christianity
0%
Minority belief of only the human aspect of jesus Historianism
0%
The 3 most important Imams are Husayn, Ali, 12th Imam
0%
general who took Jordan and Jerusalem Khalid Ibn Walid
0%
Minority belief of only the divine aspect of jesus Monophysite
0%
5 pillars of islam Salat, Hajj, Shahadah, Sawm, Zakat
0%
Fighting in the countryside plains step warfare
0%
Spanish Christians retake this city. Found Aristotle translations that created the Catholic Theology Toledo 1086
0%
The scholars of the Qur'an, would fill in for Caliph ulama
0%
No matching quizzes found
Score Distribution
Percent of People with Each Score
Percentile by Number Answered
Your Score History
You have not taken this quiz